Vnitřek lesa, lesní charaktery : Julius Mařák a umění krajinomalby /

Main Author: Matoušek, Alexander, 1963-
Corporate Author: Ústav dějin umění (Akademie věd ČR)
Language: Czech
Published: Praha : Artefactum, 2007
Edition: 1. vyd.
Series: Opera minora historiae artium
Subjects:
Physical Description: 100 s. : il. (některé barev.) ; 22 cm
Book
Saved in:
LEADER 02223nam a2200625 a 4500
001 nkc20071784317
003 CZ PrNK
005 20240827184455.0
007 ta
008 071220s2007 xr a e 000 e cze
015 |a cnb001784317 
020 |a 978-80-86890-11-1  |q (brož.)  |z 80-86890-11-2 
035 |a (OCoLC)236553707 
040 |a OLA001  |b cze  |d ABA001 
043 |a e-xr--- 
045 |a w5w9 
072 7 |a 75  |x Malířství  |2 Konspekt  |9 21 
080 |a 75(437.3)  |2 MRF 
080 |a 75.047  |2 MRF 
080 |a 630.1  |2 MRF 
080 |a 7.04  |2 MRF 
080 |a 7.072/.073  |2 MRF 
080 |a (437.3)  |2 MRF 
080 |a (0:82-4)  |2 MRF 
100 1 |a Matoušek, Alexander,  |d 1963-  |7 kpwa6347  |4 aut 
245 1 0 |a Vnitřek lesa, lesní charaktery :  |b Julius Mařák a umění krajinomalby /  |c Alexander Matoušek 
246 3 0 |a Julius Mařák a umění krajinomalby 
250 |a 1. vyd. 
260 |a Praha :  |b Artefactum,  |c 2007 
300 |a 100 s. :  |b il. (některé barev.) ;  |c 22 cm 
490 1 |a Opera minora historiae artium ;  |v 3 
500 |a 300 výt. 
504 |a Obsahuje bibliografii a bibliografické odkazy 
550 |a Vydavatel: Ústav dějin umění AV ČR 
600 1 7 |a Mařák, Julius,  |d 1832-1899  |7 jk01080423  |2 czenas 
648 7 |a 19. století  |7 ch460557  |2 czenas 
650 0 7 |a české malířství  |7 ph116864  |y 19. století  |2 czenas 
650 0 7 |a krajinomalba  |7 ph121926  |z Česko  |y 19. století  |2 czenas 
650 0 7 |a lesy  |7 ph115123  |2 czenas 
650 0 7 |a umělecké náměty  |7 ph138227  |2 czenas 
650 0 7 |a vnímání uměleckého díla  |7 ph162887  |2 czenas 
650 0 9 |a Czech painting  |y 19th century  |2 eczenas 
650 0 9 |a landscape painting  |z Czechia  |y 19th century  |2 eczenas 
650 0 9 |a forests  |2 eczenas 
650 0 9 |a artistic themes  |2 eczenas 
650 0 9 |a perception of art  |2 eczenas 
655 7 |a eseje  |7 fd132213  |2 czenas 
655 9 |a essays  |2 eczenas 
710 2 |a Ústav dějin umění (Akademie věd ČR)  |7 kn20010709009 
830 0 |a Opera minora historiae artium  |0 s 
910 2 |a BOA001  |b 2-1198.723 
990 |a BK 
995 |a 01 
991 |b 200802  |c NOV 
996 6 |b 2610333315  |c 2-1198.723  |l MZK  |r Sklad / do 1 hodiny  |n 4  |p p.v.  |w 000885259  |u 000010  |a 1  |e BOA001  |j MZK50  |s P